000 00256nam a2200109Ia 4500
008 200302s9999 xx 000 0 und d
100 _aCorina Kayfel, & Other
245 _aHotels Deluxe
260 _bCramer Berlin Published
260 _c2011
300 _a547
999 _c3589
_d3589